000
00283nam a2200109Ia 4500
008
200302s9999 xx 000 0 und d
100
_a
John Henry Parker
245
_a
A Concise Glossary of Architectural Terms
260
_b
The Guernsey Press Ltd.
260
_c
1995
300
_a
330 P.,
999
_c
2267
_d
2267